Un mismo vuelo: Premio Natalicio Ermelinda Díaz

Furkejuvvon:
Bibliográfalaš dieđut
Váldodahkki: Díaz, Olga María (Dahkki)
Materiálatiipa: Girji
Giella:espánnjágiella
Almmustuhtton: Valparaíso Universitarias 2015
Preanttus:1a. ed
Fáttát:
Fáddágilkorat: Lasit fáddágilkoriid
Eai fáddágilkorat, Lasit vuosttaš fáddágilkora!

MARC

LEADER 00000cam a2200000 a 4500
001 UCE8550
003 CL-VaPUC
008 150813e20150000cl |||||||||||||||||spa|d
020 |a 9789561706446 
082 0 4 |a Ch861  |b DIA  |2 21 
100 0 |a Díaz, Olga María  |e author  |9 581265 
245 1 3 |a Un mismo vuelo: Premio Natalicio Ermelinda Díaz 
250 |a 1a. ed 
300 |a 150 p 
942 |c BK 
945 |d 20150813 15:56:00  |a dcastane 
260 |a Valparaíso  |b Universitarias  |c 2015 
650 0 |a Poesías chilenas   |9 265280 
650 0 |a Literatura chilena   |9 308278 
583 |a last modification  |c 20150813 15:56:00  |k Rodrigo Vera 
999 |c 360376  |d 360374 
952 |0 0  |1 0  |3 erb  |4 0  |6 CH_861_000000000000000_DIA_2015  |7 0  |8 A  |9 470127  |a BIBEDU  |b BIBEDU  |c ES_NOD  |i 5194296  |o Ch861 DIA 2015  |p 5194296  |r 2023-08-09  |w 2019-11-23  |y BK  |z Catalogado en:20150813  |k LIT 
952 |0 0  |1 0  |3 erb  |4 0  |6 CH_861_000000000000000_DIA_2015  |7 0  |8 A  |9 470128  |a BIBEDU  |b BIBEDU  |c ES_NOD  |i 5261015  |o Ch861 DIA 2015  |p 5261015  |r 2023-08-09  |w 2019-11-23  |y BK  |z Catalogado en:20160107  |k LIT 
952 |0 0  |1 0  |3 erb  |4 0  |6 CH_861_000000000000000_DIA_2015  |7 0  |8 A  |9 470129  |a BIBEDU  |b BIBEDU  |c ES_NOD  |i 5261007  |o Ch861 DIA 2015  |p 5261007  |r 2023-08-09  |w 2019-11-23  |y BK  |z Catalogado en:20160107  |k LIT